[Event "Challenge"]
[Site "http://www.queenalice.com/game.php?id=448024"]
[Date "2008.8.13"]
[Round "-"]
[White "naugard12"]
[Black "conto008"]
[Result "1-0"]
[WhiteElo "1420"]
[BlackElo "1480"]

1. e4 g6 2. c3 Bg7 3. d4 c5 4. d5 Nf6 5. f3 O-O 6. Bc4 e6 7. Bg5 Qb6 8. b3 Nh5
9. Ne2 h6 10. Be3 a5 11. a4 Re8 12. O-O exd5 13. Qxd5 Qe6 14. Qxc5 Qe7 15. Na3
d6 16. Qb5 d5 17. Qxd5 Rd8 18. Qc5 Qxc5 19. Bxc5 Nc6 20. Rad1 Bd7 21. Nb5 Ne5
22. Nd6 Nxc4 23. bxc4 Bxa4 24. Ra1 Bc6 25. Rfd1 Be5 26. g4 Bxd6 27. Bxd6 Rac8
28. c5 Nf6 29. Rxa5 Ne8 30. Kf2 b5 31. e5 Ra8 32. Rxa8 Bxa8 33. Nd4 f6 34. Nxb5
fxe5 35. Re1 e4 36. fxe4 Nxd6 37. cxd6 Rf8+ 38. Kg3 g5 39. c4 Rc8 40. Nc7 Kf7
41. e5 Bc6 42. Rf1+ Kg6 43. e6 h5 44. e7 h4+ 45. Kf2 Kf6 46. Kg1+ Ke5 47. Rd1
Kf4 48. h3 Kg3 49. Rd3+ Kf4 50. d7 Bxd7 51. Rxd7 Kg3 52. Rd8 Rxc7 53. Rd3+ 1-0

[Event "Challenge"]
[Site "http://www.queenalice.com/game.php?id=449096"]
[Date "2008.8.15"]
[Round "-"]
[White "conto008"]
[Black "momo"]
[Result "1-0"]
[WhiteElo "1449"]
[BlackElo "1655"]

1. e4 e6 2. d4 Qe7 3. Qf3 f5 4. e5 h5 5. Bc4 Qb4+ 6. Nd2 b5 7. c3 Qa5 8. Qxa8
Qb6 9. Bxb5 c6 10. Ba4 Ba6 11. c4 c5 12. Bb5 Bb7 13. Qxb8+ Ke7 14. Qd6+ Qxd6 15.
exd6+ Kxd6 16. dxc5+ Kxc5 17. Ngf3 a6 18. Bxd7 Kd6 19. Ba4 Be7 20. O-O g5 21. b3
g4 22. Bb2 Rh7 23. Rad1 Kc7 24. Be5+ Kc8 25. Nd4 h4 26. Nxe6 h3 27. g3 Bf6 28.
Bxf6 Nxf6 29. c5 Re7 30. Rfe1 Bd5 31. Nf4 Rxe1+ 32. Rxe1 Nd7 33. Nxd5 Nxc5 34.
Re8+ Kb7 35. Nc4 Ne4 36. Na5+ Ka7 37. Re7+ Ka8 38. Nc7+ Ka7 39. Nd5+ Kb8 40.
Nc6+ Kc8 41. Nb6# 1-0

[Event "Challenge"]
[Site "http://www.queenalice.com/game.php?id=449097"]
[Date "2008.8.15"]
[Round "-"]
[White "conto008"]
[Black "naugard12"]
[Result "0-1"]
[WhiteElo "1423"]
[BlackElo "1471"]

1. e4 e5 2. Qh5 Nf6 3. Qxe5+ Be7 4. d3 Nc6 5. Qg3 O-O 6. Bh6 Nh5 7. Qg4 g6 8.
Bxf8 Bxf8 9. Nc3 d6 10. Qe2 Nd4 11. Qd2 c6 12. O-O-O Qa5 13. Nf3 Bg7 14. a3 Be6
15. h3 Bb3 16. Nxd4 Bxd4 17. cxb3 Re8 18. b4 Qb6 19. g4 Nf6 20. Qf4 c5 21. Nd5
Nxd5 22. exd5 cxb4 23. a4 Qc5+ 24. Kb1 b3 25. Rc1 Re1 26. Qd2 Qc2+ 27. Qxc2
bxc2+ 28. Kxc2 Re5 29. Bg2 Bxf2 30. Rhf1 Bd4 31. Rce1 a5 32. Rf6 Rxe1 33. Rxd6
Re2+ 34. Kb3 Rxg2 35. Rd8+ Kg7 36. d6 Rxb2+ 37. Kc4 Rb4+ 38. Kd5 Bf6 39. Rc8
Rd4+ 40. Kc5 Rxd3 41. Rc7 Be5 42. Rd7 b6+ 43. Kc6 Rxh3 44. Rb7 Bxd6 45. Kxd6
Rd3+ 46. Kc6 Rd4 0-1

[Event "Challenge"]
[Site "http://www.queenalice.com/game.php?id=450711"]
[Date "2008.8.19"]
[Round "-"]
[White "Ariram"]
[Black "conto008"]
[Result "1-0"]
[WhiteElo "1500"]
[BlackElo "1451"]

1. e4 c5 2. Nf3 g6 3. Nc3 Bg7 4. Bc4 e6 5. O-O Nc6 6. Nb5 a6 7. Nd6+ Ke7 8.
Nxc8+ Rxc8 9. d3 Nd4 10. Nxd4 cxd4 11. Re1 b5 12. Bb3 Kf8 13. e5 Rc5 14. f4 d6
15. Bd2 dxe5 16. Bb4 Qc7 17. Qf3 f5 18. Bxe6 Ne7 19. Qa8+ Nc8 20. Qd5 Ne7 21.
Bxc5 Ke8 22. Qa8+ Qd8 23. Qxa6 Qc7 24. Qxb5+ Qc6 25. Qb8+ Nc8 26. Rxe5 Bxe5 27.
Qxe5 Nd6 28. Bd5+ 1-0

[Event "Challenge"]
[Site "http://www.queenalice.com/game.php?id=450712"]
[Date "2008.8.19"]
[Round "-"]
[White "conto008"]
[Black "Larusso"]
[Result "1-0"]
[WhiteElo "1539"]
[BlackElo "1550"]

1. e4 e5 2. d3 d5 3. Nc3 dxe4 4. dxe4 Qxd1+ 5. Nxd1 Nf6 6. f3 Bc5 7. Bg5 O-O 8.
Bxf6 gxf6 9. Bc4 Nc6 10. Ne2 Nb4 11. Bb3 Be6 12. a3 Nc6 13. Bxe6 fxe6 14. b4 Nd4
15. Nxd4 Bxd4 16. c3 Bb6 17. c4 Bd4 18. Rc1 a5 19. b5 f5 20. c5 b6 21. c6 fxe4
22. Rf1 exf3 23. gxf3 e4 24. fxe4 a4 25. Nf2 Be3 26. Rd1 Bxf2+ 27. Rxf2 Rxf2 28.
Kxf2 Rf8+ 29. Ke3 h5 30. Rd7 Rc8 31. Kf4 Kf8 32. Ke5 h4 33. Kxe6 Re8+ 34. Kf6
Rxe4 35. Rxc7 Rf4+ 36. Kg5 Rd4 37. Rb7 Ke8 38. Rb8+ Ke7 39. c7 Rc4 40. c8=Q Rxc8
41. Rxc8 Kd6 42. Rc6+ Kd7 43. Rxb6 Kc7 44. Rf6 h3 45. Kh4 Kb7 46. Kxh3 Kc7 47.
Kg4 Kb7 48. h4 Kc7 49. h5 Kb7 50. h6 Kc7 51. h7 Kb7 52. h8=Q Kc7 53. Qg7+ Kd8
54. Rf8# 1-0

[Event "Challenge"]
[Site "http://www.queenalice.com/game.php?id=452221"]
[Date "2008.8.22"]
[Round "-"]
[White "naugard12"]
[Black "conto008"]
[Result "1/2-1/2"]
[WhiteElo "1506"]
[BlackElo "1496"]

1. e4 g6 2. Nf3 Bg7 3. d4 c5 4. d5 e6 5. Bc4 Qa5+ 6. c3 Ne7 7. O-O O-O 8. Qd3 b6
9. Ng5 h6 10. Nh3 exd5 11. Bxd5 Nbc6 12. a3 d6 13. Bf4 Ne5 14. Bxe5 Nxd5 15.
Bxg7 Kxg7 16. Qxd5 Bxh3 17. gxh3 Qb5 18. b4 Rae8 19. Nd2 Qd7 20. Qd3 Re5 21. f4
Rh5 22. Rf3 b5 23. Raf1 c4 24. Qd4+ Kg8 25. f5 g5 26. Rg3 Qe7 27. Nf3 f6 28. h4
Rf7 29. Qd5 Kh7 30. Rg4 Rg7 31. Qd4 gxh4 32. h3 a6 33. Kf2 Rxg4 34. hxg4 Rg5 35.
Rg1 Rg8 36. Nxh4 Qe5 37. Qa7+ Rg7 38. Qe3 Qh2+ 39. Ng2 Rxg4 40. Qf3 h5 41. Kf1
Rg3 42. Qf2 h4 43. Nxh4 Rxg1+ 44. Qxg1 Qxh4 45. Qa7+ Kh6 46. Qd4 Qf4+ 47. Ke1
Qg3+ 48. Kd1 Kg5 49. Qd5 Qd3+ 50. Qxd3 cxd3 51. Kd2 Kf4 52. Kxd3 Ke5 53. c4
bxc4+ 54. Kxc4 Kxe4 55. a4 d5+ 56. Kc3 Kxf5 57. Kd4 Ke6 58. b5 axb5 59. axb5 Kd6
60. b6 Kc6 61. b7 1/2-1/2

[Event "Challenge"]
[Site "http://www.queenalice.com/game.php?id=453848"]
[Date "2008.8.26"]
[Round "-"]
[White "conto008"]
[Black "rubon"]
[Result "1-0"]
[WhiteElo "1556"]
[BlackElo "1318"]

1. e4 Nf6 2. e5 Ne4 3. d4 e6 4. Bd3 d5 5. Nf3 Bb4+ 6. c3 Ba5 7. Qa4+ c6 8. O-O
Bd7 9. Bxe4 dxe4 10. Ng5 c5 11. Qc4 Qb6 12. dxc5 Qc7 13. Qxe4 Qxc5 14. Qxb7 Bc6
15. Qxf7+ Kd8 16. Nxe6+ Kc8 17. Nxc5 1-0

[Event "Let's Play Chess!"]
[Site "http://www.queenalice.com/game.php?id=456897"]
[Date "2008.9.1"]
[Round "-"]
[White "conto008"]
[Black "CampbellMarcel"]
[Result "0-1"]
[WhiteElo "1528"]
[BlackElo "1819"]

1. e4 e5 2. d3 d5 3. Nc3 Bb4 4. Bd2 d4 5. Nd5 Bxd2+ 6. Qxd2 Nf6 7. O-O-O Nxd5 8.
exd5 Qxd5 9. b3 Bg4 10. f3 Bh5 11. Qg5 Bg6 12. Ne2 f6 13. Qg4 O-O 14. c4 Qa5 15.
Kb2 Nc6 16. f4 Nb4 17. a4 Nxd3+ 18. Rxd3 Bxd3 19. Ng3 Qc3+ 20. Ka3 c5 21. Qd1
Bc2 22. Qc1 Qxb3# 0-1

[Event "Let's Play Chess!"]
[Site "http://www.queenalice.com/game.php?id=456918"]
[Date "2008.9.1"]
[Round "-"]
[White "conto008"]
[Black "mbubi"]
[Result "0-1"]
[WhiteElo "1524"]
[BlackElo "2041"]

1. e4 d5 2. e5 c5 3. c3 Nc6 4. Bb5 Qb6 5. Bxc6+ Qxc6 6. Nf3 Bg4 7. O-O O-O-O 8.
h3 Bh5 9. g4 Bg6 10. a4 h5 11. g5 Qe6 12. Kh2 Bd3 13. Rg1 f6 0-1

[Event "Challenge"]
[Site "http://www.queenalice.com/game.php?id=456979"]
[Date "2008.9.1"]
[Round "-"]
[White "conto008"]
[Black "naugard12"]
[Result "1-0"]
[WhiteElo "1497"]
[BlackElo "1505"]

1. e4 e5 2. d4 Qf6 3. Nf3 d6 4. Bg5 Qg6 5. d5 Qxe4+ 6. Be2 Qb4+ 7. c3 Qxb2 8.
Nbd2 Qxc3 9. O-O f6 10. Rc1 Qa5 11. Nb3 Qxa2 12. Rxc7 Na6 13. Bxa6 Qxa6 14. Qc2
b6 15. Qc6+ Bd7 16. Qxd7# 1-0

[Event "Challenge"]
[Site "http://www.queenalice.com/game.php?id=456993"]
[Date "2008.9.1"]
[Round "-"]
[White "conto008"]
[Black "cybrooksy"]
[Result "0-1"]
[WhiteElo "1563"]
[BlackElo "1716"]

1. e4 e5 2. Bc4 Nf6 3. d3 Nc6 4. Bg5 Be7 5. Bxf6 Bxf6 6. Qh5 O-O 7. Nf3 d6 8.
O-O Nb4 9. Na3 d5 10. exd5 Nxd5 11. Bxd5 Qxd5 12. Ng5 Bf5 13. Nxf7 g6 14. c4
Qxd3 15. Rad1 gxh5 16. Rxd3 Bxd3 17. Nh6+ Kg7 18. Rd1 Rad8 19. Nb5 Bxc4 20. Nf5+
Kh8 0-1

[Event "Challenge"]
[Site "http://www.queenalice.com/game.php?id=457445"]
[Date "2008.9.2"]
[Round "-"]
[White "conto008"]
[Black "naugard12"]
[Result "1-0"]
[WhiteElo "1543"]
[BlackElo "1503"]

1. e4 e5 2. d4 d5 3. Nc3 dxe4 4. Nxe4 exd4 5. Qe2 Be7 6. Bg5 f6 7. Bh4 Na6 8.
Qh5+ g6 9. Qb5+ c6 10. Qa4 Qb6 11. O-O-O Nb4 12. Nf3 Bf5 13. Rxd4 Bxe4 14. Rxe4
O-O-O 15. Bxf6 Nxa2+ 16. Qxa2 Bxf6 17. Ne5 Bxe5 18. Qe6+ Rd7 19. Qxe5 Re7 20.
Qxh8 Rxe4 21. Qxg8+ Kd7 22. Bd3 Re7 23. Rd1 1-0

[Event "Challenge"]
[Site "http://www.queenalice.com/game.php?id=457449"]
[Date "2008.9.2"]
[Round "-"]
[White "conto008"]
[Black "mp3"]
[Result "0-1"]
[WhiteElo "1562"]
[BlackElo "1647"]

1. e4 e5 2. Bc4 d6 3. Qf3 Nf6 4. Nh3 Be7 5. Ng5 Be6 6. Bxe6 fxe6 7. Nxe6 Qd7 8.
Nxg7+ Kf8 9. Qg3 Rg8 10. d3 Bd8 11. Bh6 Rxg7 12. Bxg7+ Qxg7 13. Qxg7+ Kxg7 14.
O-O c5 15. Nd2 b5 16. c4 a6 17. a4 bxc4 18. Nxc4 Nc6 19. Nxd6 Nd4 20. Nb7 Bb6
21. a5 Bc7 22. Nxc5 Nc2 23. Rac1 Nd4 24. Nxa6 Ne2+ 25. Kh1 Nxc1 0-1

[Event "Challenge"]
[Site "http://www.queenalice.com/game.php?id=461245"]
[Date "2008.9.10"]
[Round "-"]
[White "naugard12"]
[Black "conto008"]
[Result "0-1"]
[WhiteElo "1479"]
[BlackElo "1522"]

1. d3 c5 2. b3 Qa5+ 3. Qd2 Qxd2+ 4. Nxd2 g6 5. Bb2 f6 6. e4 Nc6 7. O-O-O Bg7 8.
Nh3 a5 9. a4 Nh6 10. Be2 O-O 11. Nf4 f5 12. e5 Ng4 13. Rdf1 Bxe5 14. Bxe5 Ngxe5
15. h4 Rb8 16. h5 g5 17. Nd5 Nd4 18. Bd1 b6 19. f4 gxf4 20. Rxf4 Rf7 21. h6 Bb7
22. Ne3 Kh8 23. Rg1 Rg8 24. g3 Rf6 25. c3 Ne6 26. Rxf5 Rxf5 27. Nxf5 Nxd3+ 28.
Kc2 Nf2 29. Be2 Nh3 30. Rh1 Bxh1 31. Bf3 Bxf3 32. Nxf3 Rf8 33. g4 Neg5 34. Nxg5
Nxg5 35. Nxe7 Rf6 36. Kd3 Rf3+ 37. Kc4 Ne4 38. Kb5 Rxc3 39. Kxb6 Rxb3+ 40. Kxa5
c4 41. Nd5 Kg8 0-1

[Event "Challenge"]
[Site "http://www.queenalice.com/game.php?id=462306"]
[Date "2008.9.12"]
[Round "-"]
[White "guermantes"]
[Black "conto008"]
[Result "1-0"]
[WhiteElo "1647"]
[BlackElo "1549"]

1. d4 g6 2. c4 c5 3. e3 Bg7 4. Nf3 cxd4 5. exd4 Qa5+ 6. Bd2 Qb6 7. Bc3 Nh6 8.
Be2 O-O 9. O-O Nc6 10. d5 Bxc3 11. bxc3 Na5 12. h3 Qb2 13. Nbd2 Qxc3 14. Ne4 Qb4
15. Qc1 Nf5 16. g4 1-0

[Event "Challenge"]
[Site "http://www.queenalice.com/game.php?id=464698"]
[Date "2008.9.17"]
[Round "-"]
[White "thebrain"]
[Black "conto008"]
[Result "0-1"]
[WhiteElo "1616"]
[BlackElo "1543"]

1. e4 g6 2. d4 Bg7 3. e5 c5 4. c3 Qa5 5. Nd2 Nc6 6. Nc4 Qc7 7. Nf3 d6 8. exd6
exd6 9. Bf4 Bf8 10. dxc5 Qd7 11. Qe2+ Kd8 12. Nxd6 Bxd6 13. Bxd6 Qe6 14. Rd1
Qxe2+ 15. Bxe2 Bd7 16. O-O Nh6 17. Ng5 Re8 0-1

[Event "Challenge"]
[Site "http://www.queenalice.com/game.php?id=464798"]
[Date "2008.9.17"]
[Round "-"]
[White "conto008"]
[Black "naugard12"]
[Result "0-1"]
[WhiteElo "1563"]
[BlackElo "1457"]

1. e4 e5 2. d4 d6 3. Nc3 Nf6 4. Bg5 Be7 5. Bxf6 Bxf6 6. Qf3 exd4 7. Nd5 O-O 8.
O-O-O c5 9. Bc4 Be6 10. Qh5 Bxd5 11. Qxd5 Nc6 12. Kb1 Qd7 13. Nf3 Nb4 14. Qf5
Rad8 15. Ng5 Qxf5 16. exf5 Bxg5 17. g3 h5 18. f4 Bf6 19. Rhg1 d5 20. Bb5 a6 21.
Be2 g6 22. a3 Nc6 23. h3 Ne7 24. g4 hxg4 25. Bxg4 b5 26. fxg6 fxg6 27. Be6+ Kg7
28. f5 Bh4 29. Rg2 Nxf5 30. Bxf5 Rxf5 31. Rg4 Rh8 32. Rdg1 g5 33. Kc1 Kh6 34.
Kd2 Rf2+ 35. Kd3 Re8 0-1

[Event "Challenge"]
[Site "http://www.queenalice.com/game.php?id=466862"]
[Date "2008.9.22"]
[Round "-"]
[White "naugard12"]
[Black "conto008"]
[Result "1-0"]
[WhiteElo "1502"]
[BlackElo "1537"]

1. e4 c5 2. c3 Nc6 3. Nf3 g6 4. Bc4 Bg7 5. Ng5 e6 6. d3 Nh6 7. O-O O-O 8. Bf4
Be5 9. Nh3 Qh4 10. Qf3 f5 11. Bg5 Qg4 12. Bxh6 Qxf3 13. gxf3 Rf6 14. f4 Bc7 15.
e5 Rf7 16. Na3 d6 17. Nb5 dxe5 18. Ng5 Re7 19. Nxc7 Rxc7 20. Nh3 a6 21. Rfe1 b5
22. Bb3 Na5 23. Rxe5 c4 24. Bc2 Rb8 25. b4 cxb3 26. axb3 Nc6 27. Rc5 Rb6 28. b4
Bd7 29. Ng5 Rc8 30. Bb3 Na7 31. d4 1-0